| 000 -CABECERA |
| Longitud fija campo de control |
00724nam a2200229 a 4500 |
| 001 - NÚMERO DE CONTROL |
| Número de control |
477 |
| 003 - IDENTIFICADOR DEL NÚMERO DE CONTROL |
| Identificador del número de control |
CDMR |
| 005 - FECHA Y HORA DE LA ÚLTIMA TRANSACCIÓN |
| Fecha y hora de la última transacción |
20131112163433.0 |
| 008 - CÓDIGOS DE INFORMACIÓN DE LONGITUD FIJA |
| Códigos de información de longitud fija |
130130s1978||||||||||||||||||||||||||||d |
| 020 ## - NÚMERO INTERNACIONAL NORMALIZADO PARA LIBROS |
| Número Internacional Normalizado para Libros (ISBN) |
8431304944 |
| 040 ## - FUENTE DE LA CATALOGACIÓN |
| Centro catalogador de origen |
CDMR |
| Lengua de catalogación |
cat |
| Centro transcriptor |
CPC GIRONA |
| 100 1# - PUNTO DE ACCESO PRINCIPAL-NOMBRE DE PERSONA |
| Nombre de persona |
Desantes Guanter, José María |
| 9 (RLIN) |
218 |
| 245 10 - MENCIÓN DE TÍTULO |
| Título |
La cláusula de conciencia |
| Mención de responsabilidad, etc. |
José María Desantes Guanter, Alfonso Nieto, Miguel Urabayen |
| 260 ## - PUBLICACIÓN, DISTRIBUCIÓN, ETC. (PIE DE IMPRENTA) |
| Fecha de publicación, distribución, etc. |
1978 |
| Nombre del editor, distribuidor, etc. |
Ediciones Universidad de Navarra |
| Lugar de publicación, distribución, etc. |
Pamplona |
| 300 ## - DESCRIPCIÓN FÍSICA |
| Extensión |
366 p. |
| 650 04 - PUNTO DE ACCESO ADICIONAL DE MATERIA - TÉRMINO DE MATERIA |
| 9 (RLIN) |
3208 |
| Término de materia o nombre geográfico como elemento inicial |
Periodisme |
| Subdivisión de materia general |
Dret i legislació |
| 650 04 - PUNTO DE ACCESO ADICIONAL DE MATERIA - TÉRMINO DE MATERIA |
| 9 (RLIN) |
3087 |
| Término de materia o nombre geográfico como elemento inicial |
Secret professional |
| Subdivisión de materia general |
Periodisme |
| 650 04 - PUNTO DE ACCESO ADICIONAL DE MATERIA - TÉRMINO DE MATERIA |
| 9 (RLIN) |
4337 |
| Término de materia o nombre geográfico como elemento inicial |
Ètica empresarial |
| 700 1# - PUNTO DE ACCESO ADICIONAL - NOMBRE DE PERSONA |
| 9 (RLIN) |
279 |
| Nombre de persona |
Nieto, Alfonso |
| 700 1# - PUNTO DE ACCESO ADICIONAL - NOMBRE DE PERSONA |
| 9 (RLIN) |
960 |
| Nombre de persona |
Urabayen, Miguel |
| 942 ## - ENTRADA DE ELEMENTOS AGREGADOS (KOHA) |
| Koha [por defecto] tipo de item |
Monografies |
| Fuente de clasificaión o esquema |
|